04077nab a2200289 i 4500003000900000005001700009008004100026040001800067072000800085100003100093100002600124100003600150100003800186245009000224500006500314520141200379520157401791650002403365650001203389650001403401650001603415650002803431773022403459856007703683942000803760999001903768BR-BrBNA20241202200840.0241202b2017 bl.mr|pooa||| 00| 0 eng | aBR-BrBNAbeng aF62 aAlves, Magnólia Martins  aAlves, Edna Ursulino  aAraújo, Luciana Rodrigues de  aLima, Maria de Lourdes dos Santos aSubstrate in the emergence and initial growth of seedlings of Caesalpinia pulcherrima aPublicação on-line; 19 ref.; 2 tables; Sumaries (En, Pt) a ABSTRACT - Caesalpinia pulcherrima is an exotic species belongs to the Fabaceae family commonly known as flamboyant-mirim, and widely used for urban forestry. This study aimed to evaluate the effect of different substrates on the emergence and early seedlings growth of C. pulcherrima. The experiment was conducted in a greenhouse belonging to the Centro de Ciências Agrárias, Universidade Federal da Paraíba. The experimental design was completely randomized and treatments had 14 substrates: sand, vegetable soil, vermiculite, wood dust, carbonized rice straw, vegetable soil + sand 1:1, sand + wood dust 1:1, sand + carbonized rice straw 1:1, earth + wood dust 1:1, vegetable soil + carbonized rice straw 1:1, vermiculite + sand 1:1, vermiculite + wood dust 1:1, vermiculite + earth 1:1 and vermiculite + carbonized rice straw 1:1. Evaluation of the effect of the treatments was through the following determinations: percentage of emergency, first count, index of germination speed, length and dry weight of roots and shoots. The vermiculite, vegetable soil + sand 1:1, vermiculite + sand 1:1, vermiculite + saw dust 1:1, are suitable for emergence and early growth of seedlings of Caesalpinia pulcherrima. Substrates saw dust and carbonized rice straw were responsible for the worst performers on emergence and seedling development. Key words: Flamboyant mirim, ornamental species, seeds, vigor a RESUMO - Caesalpinia pulcherrima é uma espécie exótica que pertence à família Fabaceae vulgarmente conhecida como flamboyant-mirim, e amplamente utilizadas para arborização urbana. O objetivo do trabalho foi avaliar o efeito de diferentes substratos sobre a emergência e crescimento inicial de plântulas de C. pulcherrima. O experimento foi conduzido em casa de vegetação pertencente ao Centro de Ciências Agrárias da Universidade Federal da Paraíba. O delineamento experimental foi inteiramente casualizado e os tratamentos foram compostos por 14 substratos: areia, terra vegetal, vermiculita, pó de madeira, palha de arroz carbonizada, areia + terra vegetal 1:1, areia + pó de madeira 1:1, areia + palha de arroz carbonizada 1:1, terra vegetal + pó de madeira 1:1, terra vegetal + palha de arroz carbonizada 1:1, vermiculita + areia 1:1, vermiculita + pó de madeira 1:1, vermiculita + terra vegetal 1:1 e vermiculita + palha de arroz de carbonizada 1:1. A avaliação do efeito dos tratamentos foi através das seguintes determinações: porcentagem de emergência, primeira contagem, índice de vermiculita, terra vegetal + areia 1:1, vermiculita + areia 1:1, vermiculita + pó de madeira 1:1, são adequados para a emergência e crescimento inicial de mudas de Caesalpinia pulcherrima. Os substratos pó de madeira e palha de arroz carbonizada foram os responsáveis pelos piores desempenhos na emergência e desenvolvimento de plântulas. Palavras-chave: Flamboyant mirim, espécie ornamental, sementes, vigor. aÁRVORE ORNAMENTAL aSEMENTE aSUBSTRATO aCRESCIMENTO aEMERGÊNCIA DE CULTURA0 024089346529dSanta Maria-RS Universidade Federal de Santa Maria - Centro de Ciências Rurais 1991o2024-7200tCiência Rural (Brazil)x0103-8478 Versão online ISSN 1678-4596gv. 47(3) p. 1-5; (2017)wBR2024003799 uhttps://www.scielo.br/j/cr/a/TBmJMnWmvq9MFVQPBj4BZKS/?format=pdf&lang=en cANA c328960d328960